Introducción al estudio del trabajo (Registro nro. 36504)

Detalles MARC
000 -LEADER
fixed length control field 00985 a2200229 4500
001 - CONTROL NUMBER
control field 64027
005 - DATE AND TIME OF LATEST TRANSACTION
control field 20260521160829.0
008 - FIXED-LENGTH DATA ELEMENTS--GENERAL INFORMATION
fixed length control field 260521a1980 arg spa d
003 - CONTROL NUMBER IDENTIFIER
control field AR-UNSa-BCEJYS
040 ## - CATALOGING SOURCE
Original cataloging agency AR-UNSa-BCEJYS
Language of cataloging spa
Transcribing agency AR-UNSa-BCEJYS
080 ## - UNIVERSAL DECIMAL CLASSIFICATION NUMBER
Universal Decimal Classification number 331.103.3
Common auxiliary subdivision Estudios del trabajo. Estudio de tiempos. Medición del trabajo
020 ## - INTERNATIONAL STANDARD BOOK NUMBER
International Standard Book Number 978-92-2-301939-6
041 ## - LANGUAGE CODE
Language code of text/sound track or separate title spa
100 1# - MAIN ENTRY--PERSONAL NAME
Personal name Oficina Internacional del Trabajo (OIT)
245 10 - TITLE STATEMENT
Title Introducción al estudio del trabajo
250 ## - EDITION STATEMENT
Edition statement 3a. ed.
264 #1 - PRODUCTION, PUBLICATION, DISTRIBUTION, MANUFACTURE, AND COPYRIGHT NOTICE
Place of production, publication, distribution, manufacture Ginebra :
Name of producer, publisher, distributor, manufacturer OIT (Organización Internacional del Trabajo)
Date of production, publication, distribution, manufacture, or copyright notice 1980
300 ## - PHYSICAL DESCRIPTION
Extent xiv, 451 p.
Dimensions 27 cm.
505 ## - FORMATTED CONTENTS NOTE
Formatted contents note 1. Parte primera: Productividad y estudios del trabajo – 2. Parte segunda: Estudios de métodos – 3. Parte tercera: Medición del trabajo – 4. Parte cuarta: Del análisis a la síntesis: nuevas formas de organización del trabajo – 5. Parte quinta: Apéndices –
590 ## - LOCAL NOTE (RLIN)
Local note niveau_biblio:m niveau_hierar:0
942 ## - ADDED ENTRY ELEMENTS (KOHA)
Koha item type
Existencias
Withdrawn status Lost status Damaged status Not for loan Home library Current library Shelving location Date acquired Total checkouts Full call number Barcode Date last seen Price effective from Koha item type
        Biblioteca Prof. Eusebio Cleto del Rey Biblioteca Prof. Eusebio Cleto del Rey   21/05/2026   331.103.3 O31 3ed. L45595 21/05/2026 21/05/2026 Libro
        Biblioteca Prof. Eusebio Cleto del Rey Biblioteca Prof. Eusebio Cleto del Rey   21/05/2026   331.103.3 O31 3ed. L45618 21/05/2026 21/05/2026 Libro